從殘童到富爸
| 資料類型: | 圖書 | 書目號: | 46273 |
Leader xxxxxxxxxx 001 __ PCLIS00046273 005 __ 20110808110230.0008 010 0_ |a978-986-6292-07-1|b平裝|d新臺幣340元 042 __ |anbic 100 __ |a20110805d2011 m y0chiy50 e 101 0_ |achi 102 __ |atw 105 __ |aa z 000cy 200 1_ |a從殘童到富爸|e|f劉銘作 205 __ |a初版 210 __ |a臺北市|c經典雜誌出版|a臺北縣新店市|c聯合發行經銷|d2011[民100] 215 0_ |a303面|c彩圖|d21公分 225 2_ |a人文系列(經典雜誌)|v7 300 __ |a 461 _0 |12001 |a人文系列(經典雜誌)|v7 681 __ |a855|b7287-2|y100 700 _1 |a劉|b銘|4作 702 __ |a|b|4 801 _1 |atw|bNTL|c20110805|gCCR |